عجائب الآثار في التراجم والأخبار/ (Record no. 12346)
[ view plain ]
| 000 -الفاتح | |
|---|---|
| حقل البيانات ثابتة الطول | 01858nam a2200421 i 4500 |
| 003 - محدد رقم الضبط | |
| رقم الضبط | EG-ScBUE |
| 005 - وقت وتاريخ اخر تعامل مع التسجيلة | |
| رقم الضبط | 20240715093557.0 |
| 008 - عناصر البيانات ثابتة الطول - معلومات عامة | |
| حقل البيانات ثابتة الطول | 090713s2003 ua f b 000 0cara d |
| 017 ## - رقم الإيداع القانونى | |
| رقم الإيداع القانونى | 2003 / 13148 |
| 017 ## - رقم الإيداع القانونى | |
| رقم الإيداع القانونى | 2003 / 13149 |
| 017 ## - رقم الإيداع القانونى | |
| رقم الإيداع القانونى | 2003 / 13150 |
| 017 ## - رقم الإيداع القانونى | |
| رقم الإيداع القانونى | 2003 / 13151 |
| 017 ## - رقم الإيداع القانونى | |
| رقم الإيداع القانونى | 2003 / 13152 |
| 020 ## - الرقم الدولى المعيارى للكتب | |
| الرقم الدولى المعيارى للكتاب | 9770186465 (مج. 1) |
| 020 ## - الرقم الدولى المعيارى للكتب | |
| الرقم الدولى المعيارى للكتاب | 9770186473 (مج. 2) |
| 020 ## - الرقم الدولى المعيارى للكتب | |
| الرقم الدولى المعيارى للكتاب | 9770186481 (مج. 3) |
| 020 ## - الرقم الدولى المعيارى للكتب | |
| الرقم الدولى المعيارى للكتاب | 977018649X (مج. 4) |
| 020 ## - الرقم الدولى المعيارى للكتب | |
| الرقم الدولى المعيارى للكتاب | 9770186503 (مج. 5) |
| 040 ## - مصدر الفهرسة | |
| وكالة الفهرسة الأصلية | EG-ScBUE |
| لغة الفهرسة | ara |
| قواعد الوصف | rda |
| وكالة النسخ | EG-ScBUE |
| وكالة التعديل | EG-ScBUE |
| 043 ## - رمز المنطقة الجغرافية | |
| رمز المنطقة الجغرافية | f-ua--- |
| 082 04 - رقم تصنيف ديوى العشرى | |
| رقم الطبعة | 22 |
| رقم التصنيف | 962.03 |
| رقم المادة | ج ب ر |
| 100 1# - المدخل الرئيسى - إسم شخصى | |
| الإسم الشخصى | جبرتي، عبد الرحمن بن حسن، |
| التواريخ المصاحبة للاسم | 1167-1237 هـ.، |
| الدور | مؤلف. |
| 245 10 - بيان العنوان | |
| العنوان | عجائب الآثار في التراجم والأخبار/ |
| بيان المسئوليه,etc | تأليف عبد الرحمن بن حسن الجبرتي ؛ تحقيق أ. د. عبد الرحيم عبد الرحمن عبد الرحيم ؛ تقديم أ. د. عبد العظيم رمضان. |
| 264 #1 - النشر، التوزيع | |
| مكان الناشر او الموزع | القاهرة : |
| اسم الناشر او الموزع | الهيئة المصرية العامة للكتاب، |
| تاريخ النشر أو التوزيع | 2003. |
| 300 ## - الوصف المادى | |
| التعداد | 5 مجلدات ؛ |
| أبعاد الوعاء | 28 سم. |
| 336 ## - نوع المحتوى | |
| source | rdacontent |
| Carrier Type Term | نص |
| Content Type Code | txt |
| 337 ## - نوع الوسيط | |
| Media Type Term | بدون وسيط |
| source | rdamedia |
| Media Type Code | n |
| 338 ## - نوع الحامل أو الناقل | |
| Carrier Type Term | مجلد |
| Carrier Type Code | nc |
| source | rdacarrier |
| 490 0# - بيان السلسلة | |
| عنوان السلسلة | مكتبة الأسرة |
| 504 ## - تبصرة ببليوجرافية | |
| تبصرة ببليوجرافية,الخ | يشتمل على إرجاعات ببليوجرافية. |
| 505 0# - تبصرة محتويات-الفهرس | |
| تبصرة المحتويات المصاغة | المجلد الأول -- المجلد الثاني -- المجلد الثالث -- المجلد الرابع -- المجلد الخامس. |
| 651 #7 - المدخل الاضافى بالموضوع - اسم جغرافى | |
| 9 (RLIN) | 8006 |
| الاسم الجغرافي | مصر |
| التقسيم الفرعي العام | تاريخ |
| التقسيم الفرعي الزمني | العصر الحديث. |
| مصدر الرأس أو المصطلح | BUEsh |
| 651 #7 - المدخل الاضافى بالموضوع - اسم جغرافى | |
| الاسم الجغرافي | مصر |
| التقسيم الفرعي العام | تاريخ |
| التقسيم الفرعي الشكلي | تراجم. |
| مصدر الرأس أو المصطلح | BUEsh |
| 655 ## - مصطلح تكشيفى-نوع/شكل | |
| التقسيم الفرعي الشكلي | Reading book |
| 700 1# - المدخل الاضافى - اسم شخصى | |
| الإسم الشخصى | عبد الرحيم، عبد الرحيم عبد الرحمن، |
| الدور | محقق. |
| 700 1# - المدخل الاضافى - اسم شخصى | |
| الإسم الشخصى | رمضان، عبد العظيم، |
| الدور | مقدم. |
| 942 ## - عناصر المدخل الإضافي( كوها) | |
| مصدر التصنيف او مخطط الترفيف | Dewey Decimal Classification |
| Koha [default] item type | Book - Borrowing |
| حالة التراجع | حالة الفقد | مصدر التصنيف او خطة الترفيف | حالة تلف | ليس للاعارة | مجموعات كوها | المكان الدائم | المكان الحالي | موقع الترفيف | تاريخ الاكتساب | Source of acquisition | رقم الاستدعاء | الباركود | Date last seen | مُعار | نوع الوعاء | تبصرة عامة |
|---|---|---|---|---|---|---|---|---|---|---|---|---|---|---|---|---|
| Dewey Decimal Classification | Donation-Gift | Central Library | Central Library | Second Floor | 13/07/2009 | Donation | 962.03 ج ب ر | 000017370 | 15/07/2025 | 05/11/2024 | Book - Borrowing | مج. 1 | ||||
| Dewey Decimal Classification | Donation-Gift | Central Library | Central Library | Second Floor | 13/07/2009 | Donation | 962.03 ج ب ر | 000017355 | 15/07/2025 | Book - Borrowing | مج. 4 | |||||
| Dewey Decimal Classification | Donation-Gift | Central Library | Central Library | Second Floor | 13/07/2009 | Donation | 962.03 ج ب ر | 000017372 | 15/07/2025 | Book - Borrowing | مج. 2 | |||||
| Dewey Decimal Classification | Donation-Gift | Central Library | Central Library | Second Floor | 13/07/2009 | Donation | 962.03 ج ب ر | 000017373 | 15/07/2025 | Book - Borrowing | مج. 3 | |||||
| Dewey Decimal Classification | Donation-Gift | Central Library | Central Library | Second Floor | 13/07/2009 | Donation | 962.03 ج ب ر | 000017375 | 15/07/2025 | Book - Borrowing | مج. 5 |